[Event "First Saturday Tournament Budapest   FM "]
[Site "Budapest"]
[Date "2010.04.03"]
[Round "1.1"]
[White "Cseloczki, Gabor"]
[Black "Darazs, Zoltan"]
[Result "0-1"]
[WhiteElo "1914"]
[BlackElo "2214"]
[PlyCount "70"]
[EventDate "2010.04.03"]

1. e4 e5 2. Nc3 Nf6 3. Nf3 Nc6 4. d4 exd4 5. Nxd4 Bb4 6. Nxc6 bxc6 7. Bd3 d5 8.
Bd2 O-O 9. O-O Bxc3 10. Bxc3 Nxe4 11. Bb4 Nd6 12. Qh5 h6 13. Rfe1 Rb8 14. Bc3
Qg5 15. Qf3 Bg4 16. Qg3 Bf5 17. Re5 Qxg3 18. hxg3 Bxd3 19. cxd3 Rfe8 20. Rae1
Rxe5 21. Rxe5 Re8 22. Rxe8+ Nxe8 23. Kf1 f6 24. Bb4 Kf7 25. Ke2 Nd6 26. Bc5 a6
27. Kd2 Nb7 28. b4 Nxc5 29. bxc5 d4 30. Kc2 Ke6 31. Kb3 Kd5 32. Kb4 h5 33. Ka5
Kxc5 34. Kxa6 Kb4 35. Kb7 c5 0-1

[Event "First Saturday Tournament Budapest   FM "]
[Site "Budapest"]
[Date "2010.04.03"]
[Round "1.2"]
[White "Heyl, Thomas"]
[Black "Schenkerik, Csaba"]
[Result "0-1"]
[WhiteElo "2073"]
[BlackElo "2128"]
[PlyCount "114"]
[EventDate "2010.04.03"]

1. d4 g6 2. Nf3 Bg7 3. e3 d6 4. Be2 Nf6 5. O-O O-O 6. b4 e5 7. Bb2 e4 8. Nfd2
d5 9. c4 c6 10. Nc3 Nbd7 11. Qb3 Nb6 12. a4 a5 13. Ba3 Re8 14. bxa5 Rxa5 15.
Rfb1 Nxc4 16. Nxc4 dxc4 17. Bxc4 Nd5 18. Bxd5 cxd5 19. Bb4 Ra6 20. Qxd5 Qh4 21.
Bd6 Rc6 22. Bg3 Qe7 23. Qb3 Be6 24. Qb2 h5 25. h3 h4 26. Bh2 Rec8 27. Rc1 Bc4
28. Nb5 Qe6 29. Na7 Rb6 30. Qxb6 Qxb6 31. Nxc8 Qe6 32. Nd6 Ba6 33. Rab1 Qd7 34.
Nxb7 Bxb7 35. Rc7 Qxa4 36. Rcxb7 Qa2 37. Rb8+ Kh7 38. R8b2 Qa6 39. Rb6 Qc4 40.
R6b4 Qd3 41. R4b3 Qc4 42. Rb4 Qe2 43. Be5 f6 44. Bb8 g5 45. d5 g4 46. hxg4 Qxg4
47. Bf4 Bh6 48. Bh2 h3 49. Bg3 Bxe3 50. gxh3 Qxg3+ 51. Kh1 Qxh3+ 52. Kg1 Qg3+
53. Kh1 Qf3+ 54. Kh2 Qxf2+ 55. Kh1 Qf3+ 56. Kh2 Bf4+ 57. Kg1 e3 0-1

[Event "First Saturday Tournament Budapest   FM "]
[Site "Budapest"]
[Date "2010.04.03"]
[Round "1.3"]
[White "Rotoni, Matteo"]
[Black "Hocevar, Nikola"]
[Result "1/2-1/2"]
[WhiteElo "2138"]
[BlackElo "2090"]
[PlyCount "86"]
[EventDate "2010.04.03"]

1. e4 c5 2. c3 d5 3. exd5 Qxd5 4. Na3 Nc6 5. Nf3 e6 6. d4 Bd6 7. Nb5 Bb8 8.
dxc5 Qxc5 9. Be3 Qe7 10. Be2 Nf6 11. O-O O-O 12. Bg5 e5 13. Re1 h6 14. Bh4 Bf5
15. Bf1 Bg4 16. h3 Bxf3 17. Qxf3 Re8 18. Nd4 Nxd4 19. cxd4 e4 20. Bxf6 Qd6 21.
g3 Qxf6 22. Qxf6 gxf6 23. Bg2 f5 24. g4 Bf4 25. gxf5 e3 26. Bxb7 Rab8 27. Bc6
Rxb2 28. Kh1 Rc8 29. d5 Rxf2 30. Rg1+ Kf8 31. Rg2 Rb8 32. Rxf2 exf2 33. Kg2 Rb2
34. a4 Ke7 35. Rd1 Kd6 36. Be8 f6 37. Bc6 a5 38. Rd3 Be5 39. Rd1 Bf4 40. Kf3
Ke5 41. Kg2 Kd6 42. Bb5 Rd2 43. Rxd2 Bxd2 1/2-1/2

[Event "First Saturday Tournament Budapest   FM "]
[Site "Budapest"]
[Date "2010.04.03"]
[Round "1.4"]
[White "Zala, Gyula"]
[Black "Mayer, Istvan"]
[Result "1/2-1/2"]
[WhiteElo "2042"]
[BlackElo "2140"]
[PlyCount "56"]
[EventDate "2010.04.03"]

1. e4 e6 2. f4 d5 3. e5 c5 4. a3 Nc6 5. b4 Nxe5 6. d4 Nc6 7. bxc5 Nf6 8. Nf3
Ne4 9. Bd3 Qa5+ 10. Bd2 Nxd2 11. Qxd2 Qxd2+ 12. Kxd2 Be7 13. c3 Bd7 14. Ne5
Nxe5 15. fxe5 b6 16. cxb6 axb6 17. Kc2 O-O 18. Kb2 f6 19. exf6 Bxf6 20. Re1
Rae8 21. Nd2 e5 22. dxe5 Bxe5 23. Nf3 Bd6 24. Rxe8 Rxe8 25. Nd4 Re3 26. Bc2 Be5
27. Bb3 Be8 28. Rc1 Bf7 1/2-1/2

[Event "First Saturday Tournament Budapest   FM "]
[Site "Budapest"]
[Date "2010.04.03"]
[Round "1.5"]
[White "Tran, Minh Thang"]
[Black "Kis, Bela"]
[Result "1/2-1/2"]
[WhiteElo "1972"]
[BlackElo "2182"]
[PlyCount "28"]
[EventDate "2010.04.03"]

1. d4 Nf6 2. Bg5 Ne4 3. Bf4 c5 4. f3 Qa5+ 5. c3 Nf6 6. Nd2 cxd4 7. Nb3 Qf5 8.
Qxd4 Nc6 9. Qd2 d5 10. g4 Qd7 11. Bh3 e6 12. Nd4 Bd6 13. Rd1 Bxf4 14. Qxf4 Qe7
1/2-1/2

[Event "First Saturday Tournament Budapest   FM "]
[Site "Budapest"]
[Date "2010.04.04"]
[Round "2.1"]
[White "Darazs, Zoltan"]
[Black "Kis, Bela"]
[Result "1/2-1/2"]
[WhiteElo "2214"]
[BlackElo "2182"]
[PlyCount "21"]
[EventDate "2010.04.03"]

1. e4 e5 2. Nf3 Nc6 3. Bb5 a6 4. Ba4 Nf6 5. O-O Be7 6. Re1 d6 7. d4 b5 8. dxe5
dxe5 9. Qxd8+ Bxd8 10. Bb3 O-O 11. Nc3 1/2-1/2

[Event "First Saturday Tournament Budapest   FM "]
[Site "Budapest"]
[Date "2010.04.04"]
[Round "2.2"]
[White "Mayer, Istvan"]
[Black "Tran, Minh Thang"]
[Result "1/2-1/2"]
[WhiteElo "2140"]
[BlackElo "1972"]
[PlyCount "82"]
[EventDate "2010.04.03"]

1. e4 b6 2. d4 e6 3. c4 Bb7 4. Nc3 Bb4 5. Bd3 Ne7 6. Nf3 O-O 7. O-O f5 8. d5
Na6 9. Bc2 Bxc3 10. bxc3 Nc5 11. exf5 exd5 12. Bg5 Ne4 13. cxd5 Nxg5 14. Nxg5
h6 15. f6 Rxf6 16. Ne4 Rf8 17. d6 Nf5 18. Qd3 Qh4 19. Ng3 Nxd6 20. Qh7+ Kf7 21.
Bg6+ Kf6 22. Nh5+ Qxh5 23. Bxh5 Be4 24. Qxe4 Nxe4 25. Rad1 d6 26. Rfe1 Nc5 27.
Rd4 g6 28. Rf4+ Kg5 29. Rxf8 Rxf8 30. Bf3 Rf5 31. Re7 Re5 32. h4+ Kxh4 33. Rxc7
Re1+ 34. Kh2 Rc1 35. Rxa7 Rxc3 36. Rf7 Kg5 37. Bd1 h5 38. f4+ Kh6 39. f5 Kg5
40. fxg6 Kxg6 41. Rf8 h4 1/2-1/2

[Event "First Saturday Tournament Budapest   FM "]
[Site "Budapest"]
[Date "2010.04.04"]
[Round "2.3"]
[White "Hocevar, Nikola"]
[Black "Zala, Gyula"]
[Result "0-1"]
[WhiteElo "2090"]
[BlackElo "2042"]
[PlyCount "110"]
[EventDate "2010.04.03"]

1. Nf3 f5 2. d4 d5 3. Bf4 e6 4. e3 c6 5. c4 Be7 6. h4 Nf6 7. Nc3 O-O 8. a3 Qe8
9. Ne5 Nbd7 10. Be2 Ne4 11. Bh5 g6 12. Be2 Nd6 13. Bh6 Rf6 14. c5 Nf7 15. Nxf7
Rxf7 16. b4 e5 17. Rc1 Bf6 18. Bg5 f4 19. exf4 exd4 20. Bxf6 Nxf6 21. Qxd4 Bf5
22. O-O Qf8 23. f3 Re8 24. Rce1 Rfe7 25. Kf2 Qg7 26. Rd1 Re6 27. g4 Qh6 28. Rh1
Bxg4 29. fxg4 Ne4+ 30. Kf3 Nxc3 31. Qxc3 Rxe2 32. Rde1 R2e4 33. Rxe4 Rxe4 34.
Qf6 Qf8 35. Qxf8+ Kxf8 36. Rc1 Ke7 37. Rc3 h5 38. Rc2 Kf6 39. Rb2 Rc4 40. Rb3
d4 41. Ke4 Rc3 42. Rb1 hxg4 43. a4 g3 44. Kxd4 Ra3 45. Ke4 Rxa4 46. Kf3 Ra3+
47. Kg4 g2 48. Rg1 Ra2 49. Rd1 Rb2 50. Rg1 a6 51. Rd1 Rxb4 52. Rg1 Rb2 53. Rd1
a5 54. Kg3 a4 55. Kh2 a3 0-1

[Event "First Saturday Tournament Budapest   FM "]
[Site "Budapest"]
[Date "2010.04.04"]
[Round "2.4"]
[White "Schenkerik, Csaba"]
[Black "Rotoni, Matteo"]
[Result "1-0"]
[WhiteElo "2128"]
[BlackElo "2138"]
[PlyCount "103"]
[EventDate "2010.04.03"]

1. d4 d5 2. c4 Nc6 3. e3 e5 4. cxd5 Qxd5 5. Nc3 Bb4 6. Bd2 Bxc3 7. bxc3 Nf6 8.
Qb3 Qd6 9. Bc1 Be6 10. Qa3 Qxa3 11. Bxa3 Ne4 12. Ne2 Bc4 13. f3 Nd6 14. Kf2
O-O-O 15. Bxd6 cxd6 16. Ng3 Na5 17. Nf5 g6 18. Bxc4 Nxc4 19. Ne7+ Kd7 20. Nd5
Rc8 21. Rab1 b6 22. Rhd1 Ke6 23. Nb4 Na5 24. Rd3 Rc4 25. Rbd1 exd4 26. exd4
Rhc8 27. Re1+ Kf6 28. Rde3 Nc6 29. Nd5+ Kg7 30. g4 h6 31. h4 g5 32. h5 b5 33.
Rb1 a6 34. Nb6 Na5 35. Nxc8 Rxc8 36. Rbe1 Rc7 37. Kg3 Kf6 38. f4 Nc4 39. Rf3
gxf4+ 40. Rxf4+ Kg7 41. Kh4 Nb6 42. g5 hxg5+ 43. Kxg5 Nd5 44. h6+ Kh7 45. Rf5
Nxc3 46. Kh5 Nxa2 47. Rg1 f6 48. Rxf6 Nc3 49. Rfg6 Ne4 50. Rg7+ Rxg7 51. Rxg7+
Kh8 52. Kg6 1-0

[Event "First Saturday Tournament Budapest   FM "]
[Site "Budapest"]
[Date "2010.04.04"]
[Round "2.5"]
[White "Cseloczki, Gabor"]
[Black "Heyl, Thomas"]
[Result "0-1"]
[WhiteElo "1914"]
[BlackElo "2073"]
[PlyCount "72"]
[EventDate "2010.04.03"]

1. d4 d5 2. Nc3 Nf6 3. g3 Bf5 4. Bg2 e6 5. Nf3 h6 6. Bf4 c6 7. O-O Be7 8. Qd2
Ne4 9. Nxe4 Bxe4 10. Ne5 Bxg2 11. Kxg2 Nd7 12. Nd3 O-O 13. f3 g5 14. Be3 Kg7
15. f4 f6 16. fxg5 fxg5 17. h4 Bf6 18. Rf2 Qe7 19. Raf1 Kg6 20. hxg5 Bxg5 21.
Bxg5 hxg5 22. Ne5+ Nxe5 23. dxe5 Rxf2+ 24. Rxf2 Rf8 25. Qd3+ Kg7 26. Rxf8 Qxf8
27. Qf3 Qf5 28. Qc3 Qe4+ 29. Kf2 Kg6 30. Qd3 Kf5 31. g4+ Kxg4 32. a3 Qxd3 33.
exd3 d4 34. c3 c5 35. c4 Kh3 36. b4 b6 0-1

[Event "First Saturday Tournament Budapest   FM "]
[Site "Budapest"]
[Date "2010.04.05"]
[Round "3.1"]
[White "Heyl, Thomas"]
[Black "Darazs, Zoltan"]
[Result "0-1"]
[WhiteElo "2073"]
[BlackElo "2214"]
[PlyCount "70"]
[EventDate "2010.04.03"]

1. d4 Nf6 2. Nf3 g6 3. e3 Bg7 4. Be2 O-O 5. O-O d5 6. b4 b6 7. Bb2 Ne4 8. Nbd2
c5 9. b5 Bb7 10. c4 cxd4 11. Nxe4 d3 12. Bxg7 dxe2 13. Qxe2 dxe4 14. Bxf8 exf3
15. gxf3 Qxf8 16. Rad1 Qc8 17. Qd3 Qe6 18. e4 Kg7 19. Qc3+ Qf6 20. Qd3 Bc8 21.
e5 Qxe5 22. f4 Qc7 23. Qd4+ f6 24. Rfe1 a6 25. Qd8 Ra7 26. Qe8 Bf5 27. Rd8 Kh6
28. Rxb8 Qxf4 29. Re3 axb5 30. Ra8 Rc7 31. Qxb5 Rxc4 32. Raa3 Rc1+ 33. Kg2 Qg5+
34. Rg3 Be4+ 35. f3 Qxb5 0-1

[Event "First Saturday Tournament Budapest   FM "]
[Site "Budapest"]
[Date "2010.04.05"]
[Round "3.2"]
[White "Rotoni, Matteo"]
[Black "Cseloczki, Gabor"]
[Result "1-0"]
[WhiteElo "2138"]
[BlackElo "1914"]
[PlyCount "57"]
[EventDate "2010.04.03"]

1. e4 e5 2. Nf3 d6 3. d4 Nd7 4. Bc4 h6 5. O-O Ngf6 6. Nc3 Be7 7. Re1 Nb6 8. Bf1
Bg4 9. Be3 c6 10. dxe5 Bxf3 11. Qxf3 dxe5 12. Red1 Qc7 13. Qg3 g5 14. a4 Nc8
15. Rd3 Nb6 16. b3 Nbd7 17. f3 Nh5 18. Qf2 Nf4 19. Rdd1 Qa5 20. Ne2 O-O-O 21.
Ng3 Bb4 22. Nf5 h5 23. Nd6+ Bxd6 24. Rxd6 Ne6 25. Rad1 Nb6 26. Rxd8+ Rxd8 27.
Rxd8+ Kxd8 28. Bd2 Qc5 29. Bxg5+ 1-0

[Event "First Saturday Tournament Budapest   FM "]
[Site "Budapest"]
[Date "2010.04.05"]
[Round "3.3"]
[White "Zala, Gyula"]
[Black "Schenkerik, Csaba"]
[Result "0-1"]
[WhiteElo "2042"]
[BlackElo "2128"]
[PlyCount "72"]
[EventDate "2010.04.03"]

1. e4 c5 2. a3 e6 3. b4 cxb4 4. axb4 Bxb4 5. c3 Be7 6. d4 d5 7. e5 f6 8. f4 Nh6
9. Nf3 Nc6 10. Bd3 O-O 11. O-O fxe5 12. fxe5 Nf5 13. Ra2 Bd7 14. Raf2 a6 15. g4
Nh4 16. Bxh7+ Kxh7 17. Qd3+ Kg8 18. Ng5 Bxg5 19. Rxf8+ Qxf8 20. Rxf8+ Rxf8 21.
Bxg5 Nf3+ 22. Kh1 Nxg5 23. Nd2 Ne7 24. Kg1 Bc6 25. Qe3 Ne4 26. Nf3 Ng6 27. h4
Rf4 28. Nh2 Rf2 29. Nf3 Rc2 30. Ng5 Rxc3 31. Qe1 Nf4 32. Kh1 Rd3 33. Qa5 Rd1+
34. Kh2 Rd2+ 35. Kg1 Rg2+ 36. Kf1 Bb5+ 0-1

[Event "First Saturday Tournament Budapest   FM "]
[Site "Budapest"]
[Date "2010.04.05"]
[Round "3.4"]
[White "Tran, Minh Thang"]
[Black "Hocevar, Nikola"]
[Result "1/2-1/2"]
[WhiteElo "1972"]
[BlackElo "2090"]
[PlyCount "36"]
[EventDate "2010.04.03"]

1. d4 Nf6 2. Bf4 d5 3. e3 e6 4. Nd2 c5 5. c3 Nc6 6. Bd3 Bd6 7. Bg3 e5 8. dxe5
Nxe5 9. Bc2 O-O 10. Ngf3 Re8 11. O-O Bg4 12. Rc1 Ng6 13. Bd3 Bxg3 14. hxg3 Qe7
15. Qc2 Rad8 16. Rfe1 Ne4 17. c4 Nxd2 18. Nxd2 dxc4 1/2-1/2

[Event "First Saturday Tournament Budapest   FM "]
[Site "Budapest"]
[Date "2010.04.05"]
[Round "3.5"]
[White "Kis, Bela"]
[Black "Mayer, Istvan"]
[Result "1/2-1/2"]
[WhiteElo "2182"]
[BlackElo "2140"]
[PlyCount "83"]
[EventDate "2010.04.03"]

1. e4 e6 2. d4 d5 3. Nc3 Bb4 4. Bd2 Nf6 5. e5 Bxc3 6. bxc3 Ne4 7. Qg4 Kf8 8.
Nf3 Nxd2 9. Nxd2 c5 10. Bd3 Nc6 11. O-O Qa5 12. Nb1 c4 13. Be2 Qb6 14. a4 Qb2
15. Na3 Qxc3 16. Nb5 h5 17. Nxc3 hxg4 18. Rfd1 f5 19. exf6 gxf6 20. Bxg4 Rh4
21. h3 f5 22. g3 Rh7 23. Bf3 Rxh3 24. Kg2 Rh6 25. Rh1 Rxh1 26. Rxh1 Kg7 27. Ne2
Bd7 28. c3 Rh8 29. Rb1 Rb8 30. Nf4 b6 31. Rh1 Rg8 32. Re1 Kf6 33. Rh1 Ne7 34.
Rh7 Be8 35. Bh5 Ng6 36. Bxg6 Bxg6 37. Rxa7 Rb8 38. Kf3 Bf7 39. Ra6 Ke7 40. Ra7+
Kf6 41. Ra6 Ke7 42. Ra7+ 1/2-1/2

[Event "First Saturday Tournament Budapest   FM "]
[Site "Budapest"]
[Date "2010.04.06"]
[Round "4.1"]
[White "Darazs, Zoltan"]
[Black "Mayer, Istvan"]
[Result "1/2-1/2"]
[WhiteElo "2214"]
[BlackElo "2140"]
[PlyCount "30"]
[EventDate "2010.04.03"]

1. e4 e5 2. Nf3 Nc6 3. Bb5 a6 4. Ba4 Nf6 5. O-O Be7 6. c3 d6 7. h3 O-O 8. Bc2
h6 9. d4 exd4 10. cxd4 Nb4 11. Nc3 Nxc2 12. Qxc2 c5 13. d5 b5 14. Rd1 Nd7 15.
Bf4 Qb6 1/2-1/2

[Event "First Saturday Tournament Budapest   FM "]
[Site "Budapest"]
[Date "2010.04.06"]
[Round "4.2"]
[White "Hocevar, Nikola"]
[Black "Kis, Bela"]
[Result "1-0"]
[WhiteElo "2090"]
[BlackElo "2182"]
[PlyCount "103"]
[EventDate "2010.04.03"]

1. d4 Nf6 2. Nf3 g6 3. e3 Bg7 4. Nbd2 d5 5. Bd3 O-O 6. O-O b6 7. Re1 Bb7 8. Ne5
Nbd7 9. f4 Nxe5 10. fxe5 Ne4 11. c3 f6 12. exf6 exf6 13. Nxe4 dxe4 14. Bc4+ Kh8
15. b3 Qd7 16. Ba3 Rfd8 17. Qc2 Rac8 18. Rad1 Bh6 19. Bf1 Qe6 20. c4 c6 21. Qf2
Rc7 22. Bb2 Rf7 23. a4 Bf8 24. Rc1 c5 25. d5 Qd6 26. Be2 Kg8 27. Rf1 Bh6 28.
Rce1 Rdf8 29. Bg4 f5 30. Bh3 Bc8 31. g3 Bd7 32. Bc3 g5 33. Qb2 g4 34. Be5 Qe7
35. Bg2 Bg5 36. h4 gxh3 37. Bxh3 Re8 38. Bf4 Rg7 39. Kh2 h6 40. Rg1 Kh7 41.
Ref1 Reg8 42. Rg2 Bxf4 43. Rxf4 Rg5 44. Qf2 Rh5 45. g4 Rxh3+ 46. Kxh3 fxg4+ 47.
Kg3 Qe5 48. Qb2 Qd6 49. Qf6 Qxf6 50. Rxf6 Be8 51. Rgf2 h5 52. Rf8 1-0

[Event "First Saturday Tournament Budapest   FM "]
[Site "Budapest"]
[Date "2010.04.06"]
[Round "4.3"]
[White "Schenkerik, Csaba"]
[Black "Tran, Minh Thang"]
[Result "1/2-1/2"]
[WhiteElo "2128"]
[BlackElo "1972"]
[PlyCount "46"]
[EventDate "2010.04.03"]

1. e4 e6 2. d4 b6 3. Bd3 Bb7 4. Nf3 Nf6 5. Qe2 c5 6. c3 d5 7. e5 Nfd7 8. O-O
Nc6 9. Bg5 Be7 10. Bxe7 Qxe7 11. a3 O-O 12. Nbd2 a6 13. b4 Rfc8 14. Rfc1 c4 15.
Bc2 b5 16. a4 bxa4 17. Bxa4 Na7 18. Bxd7 Qxd7 19. Nf1 Qb5 20. Ra5 Qb6 21. Rca1
Nc6 22. Rc5 a5 23. bxa5 Rxa5 1/2-1/2

[Event "First Saturday Tournament Budapest   FM "]
[Site "Budapest"]
[Date "2010.04.06"]
[Round "4.4"]
[White "Cseloczki, Gabor"]
[Black "Zala, Gyula"]
[Result "0-1"]
[WhiteElo "1914"]
[BlackElo "2042"]
[PlyCount "54"]
[EventDate "2010.04.03"]

1. d4 f5 2. e3 d5 3. g3 c6 4. Bg2 Nf6 5. b3 e6 6. Bb2 Bd6 7. Nd2 O-O 8. Ngf3
Nbd7 9. Ng5 Qe7 10. h4 Ng4 11. Ndf3 h6 12. Nh3 Ndf6 13. Qe2 Ne4 14. O-O-O Ba3
15. Ne5 Nc3 16. Qd2 Bxb2+ 17. Kxb2 Nxd1+ 18. Rxd1 Nxe5 19. dxe5 b5 20. h5 b4
21. Nf4 Qb7 22. Qe2 a5 23. g4 a4 24. gxf5 Qa7 25. Kc1 axb3 26. axb3 Rxf5 27.
Nd3 Qa1+ 0-1

[Event "First Saturday Tournament Budapest   FM "]
[Site "Budapest"]
[Date "2010.04.06"]
[Round "4.5"]
[White "Heyl, Thomas"]
[Black "Rotoni, Matteo"]
[Result "0-1"]
[WhiteElo "2073"]
[BlackElo "2138"]
[PlyCount "80"]
[EventDate "2010.04.03"]

1. d4 Nf6 2. Nf3 c5 3. e3 d5 4. Bd3 Nc6 5. O-O Bg4 6. c3 e6 7. Nbd2 Bd6 8. dxc5
Bxc5 9. Bb5 O-O 10. Bxc6 bxc6 11. Qa4 Rc8 12. Ne5 Bf5 13. b3 Qc7 14. Nef3 Bd6
15. g3 e5 16. Bb2 e4 17. Nh4 Bh3 18. Rfe1 Ng4 19. c4 Ne5 20. Bxe5 Bxe5 21. Rac1
Qe7 22. Ng2 f5 23. cxd5 cxd5 24. Nf4 Bxf4 25. exf4 Qf6 26. Qd7 Rcd8 27. Qc6 Rd6
28. Qc5 h5 29. f3 h4 30. Qc3 Qg6 31. Kh1 Qh6 32. Rg1 Re8 33. Qd4 e3 34. Nf1 Qh5
35. g4 fxg4 36. Nxe3 g3 37. Rc7 Qxf3+ 38. Ng2 Rg6 39. Rc2 Bxg2+ 40. Rcxg2 h3
0-1

[Event "First Saturday Tournament Budapest   FM "]
[Site "Budapest"]
[Date "2010.04.07"]
[Round "5.1"]
[White "Rotoni, Matteo"]
[Black "Darazs, Zoltan"]
[Result "1/2-1/2"]
[WhiteElo "2138"]
[BlackElo "2214"]
[PlyCount "53"]
[EventDate "2010.04.03"]

1. e4 e5 2. Nf3 Nc6 3. d4 exd4 4. Nxd4 Nf6 5. Nc3 Bb4 6. Nxc6 bxc6 7. Bd3 d5 8.
exd5 cxd5 9. O-O O-O 10. Bg5 c6 11. Na4 h6 12. Bh4 Be6 13. c3 Be7 14. b4 d4 15.
cxd4 Bxb4 16. Nc5 Bxc5 17. dxc5 Qd5 18. Bxf6 gxf6 19. Qc2 Qg5 20. Be4 Rad8 21.
Rad1 Bd5 22. Bxd5 Rxd5 23. Rxd5 Qxd5 24. Rd1 Qe5 25. Qc1 Re8 26. h3 Kg7 27. Qa3
1/2-1/2

[Event "First Saturday Tournament Budapest   FM "]
[Site "Budapest"]
[Date "2010.04.07"]
[Round "5.2"]
[White "Zala, Gyula"]
[Black "Heyl, Thomas"]
[Result "1-0"]
[WhiteElo "2042"]
[BlackElo "2073"]
[PlyCount "151"]
[EventDate "2010.04.03"]

1. e4 c5 2. a3 g6 3. b4 Bg7 4. c3 d5 5. exd5 Qxd5 6. Nf3 Nf6 7. Be2 O-O 8. O-O
cxb4 9. axb4 Nc6 10. b5 Ne5 11. Nxe5 Qxe5 12. d4 Qc7 13. Bf3 Be6 14. Re1 Bd5
15. Ba3 Rfe8 16. Bb4 e6 17. Nd2 Bxf3 18. Nxf3 Nd5 19. Qb3 Rec8 20. Ra3 Nxb4 21.
cxb4 Qd6 22. Qb2 Rc4 23. Qa2 Rxb4 24. Rxa7 Rxa7 25. Qxa7 Rxb5 26. Rc1 Bf8 27.
Qa8 Qc7 28. Ra1 Qc2 29. h3 Kg7 30. Qb8 Rb1+ 31. Rxb1 Qxb1+ 32. Kh2 Qb6 33. Qe8
f6 34. Qa4 Qc6 35. Qb3 Bd6+ 36. g3 Qd5 37. Qe3 b5 38. Nd2 b4 39. Nb3 g5 40. Kg1
Qc4 41. Kg2 e5 42. g4 Qd5+ 43. Kg1 Qc4 44. Kg2 e4 45. Nd2 Qc3 46. Nxe4 Qxe3 47.
fxe3 b3 48. Nd2 b2 49. Kf3 Bb4 50. Nb1 h5 51. e4 hxg4+ 52. hxg4 Kf7 53. Ke3 Be1
54. Kd3 Ke6 55. Kc4 Kd6 56. Kb3 Bf2 57. Kc3 Be3 58. d5 Kc5 59. Kxb2 Bf4 60. Kc3
Be5+ 61. Kd3 Bh2 62. Na3 Bg3 63. Nc4 Bc7 64. Nd2 Be5 65. Nb3+ Kb4 66. Nd4 Kc5
67. Ne6+ Kb4 68. Nf8 Kb5 69. Nd7 Ba1 70. e5 fxe5 71. Ke4 Bc3 72. Nxe5 Kc5 73.
Nf7 Bf6 74. d6 Kc6 75. Kf5 Bb2 76. Ke6 1-0

[Event "First Saturday Tournament Budapest   FM "]
[Site "Budapest"]
[Date "2010.04.07"]
[Round "5.3"]
[White "Tran, Minh Thang"]
[Black "Cseloczki, Gabor"]
[Result "1-0"]
[WhiteElo "1972"]
[BlackElo "1914"]
[PlyCount "49"]
[EventDate "2010.04.03"]

1. d4 d5 2. Bf4 Nf6 3. e3 Nc6 4. Nf3 Bf5 5. Bd3 Ne4 6. a3 h6 7. c4 e6 8. Ne5
Nxe5 9. Bxe5 Qg5 10. O-O dxc4 11. Bxc4 Nd6 12. Be2 h5 13. Bf3 O-O-O 14. Qb3 Be4
15. Nd2 Bxf3 16. Nxf3 Qg4 17. Qa4 Kb8 18. b4 Rh6 19. h3 Qe4 20. Kh1 Nc4 21.
Bxc7+ Kxc7 22. Rfc1 Kb8 23. Rxc4 Bd6 24. Rac1 Rf6 25. Qd7 1-0

[Event "First Saturday Tournament Budapest   FM "]
[Site "Budapest"]
[Date "2010.04.07"]
[Round "5.4"]
[White "Kis, Bela"]
[Black "Schenkerik, Csaba"]
[Result "0-1"]
[WhiteElo "2182"]
[BlackElo "2128"]
[PlyCount "49"]
[EventDate "2010.04.03"]

1. e4 e5 2. f4 exf4 3. Nf3 g5 4. Bc4 Bg7 5. d4 d6 6. c3 Nc6 7. O-O h6 8. g3 Bh3
9. Rf2 Nf6 10. gxf4 Qd7 11. Qd3 O-O-O 12. Na3 Rhe8 13. e5 d5 14. exf6 dxc4 15.
Nxc4 Bxf6 16. Bd2 gxf4 17. Bxf4 Qg4+ 18. Bg3 h5 19. Kh1 h4 20. Bxc7 Kxc7 21.
Ng1 Bxd4 22. Rxf7+ Kb8 23. Qxh3 Qe4+ 24. Nf3 Bc5 25. b3 0-1

[Event "First Saturday Tournament Budapest   FM "]
[Site "Budapest"]
[Date "2010.04.07"]
[Round "5.5"]
[White "Mayer, Istvan"]
[Black "Hocevar, Nikola"]
[Result "0-1"]
[WhiteElo "2140"]
[BlackElo "2090"]
[PlyCount "62"]
[EventDate "2010.04.03"]

1. e4 c5 2. Nf3 Nc6 3. d4 cxd4 4. Nxd4 g6 5. Nc3 Bg7 6. Be3 Nf6 7. f3 O-O 8.
Nb3 d5 9. Nxd5 Nxd5 10. exd5 Nb4 11. Bc5 Nxd5 12. c4 Nf4 13. g3 Ne6 14. Ba3 Nd4
15. Bg2 Bf5 16. Nxd4 Bxd4 17. Qe2 Qa5+ 18. Kf1 Bc5 19. Bxc5 Qxc5 20. g4 Be6 21.
b3 Rad8 22. Re1 Rd4 23. Qe5 Rxc4 24. h4 Rd8 25. h5 Qxe5 26. Rxe5 Rc2 27. Kg1
Rxa2 28. hxg6 hxg6 29. f4 Rd1+ 30. Kh2 Rdd2 31. Rg1 Bd5 0-1

[Event "First Saturday Tournament Budapest   FM "]
[Site "Budapest"]
[Date "2010.04.08"]
[Round "6.1"]
[White "Darazs, Zoltan"]
[Black "Hocevar, Nikola"]
[Result "1/2-1/2"]
[WhiteElo "2214"]
[BlackElo "2090"]
[PlyCount "22"]
[EventDate "2010.04.03"]

1. e4 c5 2. Nf3 Nc6 3. d4 cxd4 4. Nxd4 g6 5. Nc3 Bg7 6. Be3 Nf6 7. Bc4 Qa5 8.
O-O O-O 9. Nb3 Qc7 10. f4 d6 11. h3 b6 1/2-1/2

[Event "First Saturday Tournament Budapest   FM "]
[Site "Budapest"]
[Date "2010.04.08"]
[Round "6.2"]
[White "Schenkerik, Csaba"]
[Black "Mayer, Istvan"]
[Result "1/2-1/2"]
[WhiteElo "2128"]
[BlackElo "2140"]
[PlyCount "21"]
[EventDate "2010.04.03"]

1. e4 e6 2. d4 d5 3. Nc3 Bb4 4. Bd3 dxe4 5. Bxe4 Nf6 6. Bf3 O-O 7. Nge2 c5 8.
Be3 cxd4 9. Qxd4 Qa5 10. a3 Be7 11. O-O 1/2-1/2

[Event "First Saturday Tournament Budapest   FM "]
[Site "Budapest"]
[Date "2010.04.08"]
[Round "6.3"]
[White "Cseloczki, Gabor"]
[Black "Kis, Bela"]
[Result "0-1"]
[WhiteElo "1914"]
[BlackElo "2182"]
[PlyCount "82"]
[EventDate "2010.04.03"]

1. e4 d6 2. d4 Nf6 3. Nd2 g6 4. b3 Bg7 5. Bb2 O-O 6. f4 Ng4 7. Qf3 c5 8. h3 Nh6
9. c3 cxd4 10. cxd4 Nc6 11. Qe3 d5 12. O-O-O dxe4 13. Nxe4 Nf5 14. Qf2 Nfxd4
15. Nf3 Qc7 16. Nxd4 Nxd4+ 17. Kb1 Nc6 18. g4 Bxb2 19. Kxb2 a5 20. Bb5 Be6 21.
f5 gxf5 22. Nc3 f4 23. Rhe1 Ne5 24. Nd5 Bxd5 25. Rxd5 f6 26. Rc1 Qb8 27. Qb6
Rd8 28. Qe6+ Kf8 29. Rdc5 Qd6 30. Qf5 Kg7 31. g5 Nf7 32. gxf6+ Qxf6+ 33. Qxf6+
Kxf6 34. Bc4 e6 35. Rf1 Rd4 36. Rc7 Nd6 37. Kc3 e5 38. Rxh7 b5 39. Rh6+ Kg5 40.
Rxd6 b4+ 41. Kc2 Rxd6 0-1

[Event "First Saturday Tournament Budapest   FM "]
[Site "Budapest"]
[Date "2010.04.08"]
[Round "6.4"]
[White "Heyl, Thomas"]
[Black "Tran, Minh Thang"]
[Result "1/2-1/2"]
[WhiteElo "2073"]
[BlackElo "1972"]
[PlyCount "46"]
[EventDate "2010.04.03"]

1. d4 e6 2. Nf3 b6 3. e3 Bb7 4. Bd3 Nf6 5. O-O c5 6. b3 Be7 7. Bb2 O-O 8. c4 d5
9. dxc5 dxc4 10. Bxc4 Bxc5 11. Nc3 Nc6 12. Qe2 Qe7 13. Ba6 Bxa6 14. Qxa6 Rfd8
15. Rfd1 Rxd1+ 16. Rxd1 Rd8 17. Qe2 Rxd1+ 18. Qxd1 Qd7 19. Qxd7 Nxd7 20. Kf1
Be7 21. Ke2 Bf6 22. a3 Kf8 23. Nd1 Bxb2 1/2-1/2

[Event "First Saturday Tournament Budapest   FM "]
[Site "Budapest"]
[Date "2010.04.08"]
[Round "6.5"]
[White "Rotoni, Matteo"]
[Black "Zala, Gyula"]
[Result "0-1"]
[WhiteElo "2138"]
[BlackElo "2042"]
[PlyCount "98"]
[EventDate "2010.04.03"]

1. e4 g6 2. d4 Bg7 3. Nc3 d6 4. Be3 Nd7 5. Qd2 e6 6. Nf3 b6 7. Bd3 h6 8. O-O
Ne7 9. Ne2 Bb7 10. Ng3 Nf6 11. h3 c5 12. c3 Rc8 13. Nh2 h5 14. h4 Ng4 15. Nf3
O-O 16. Ng5 Qd7 17. Qe2 Nxe3 18. fxe3 f6 19. Nh3 e5 20. Bc4+ d5 21. exd5 Bxd5
22. e4 Be6 23. Bxe6+ Qxe6 24. d5 Qd6 25. c4 Bh6 26. Rf3 Kg7 27. Raf1 Rf7 28. a3
Rcf8 29. Qd3 Nc8 30. Qc3 Qd7 31. b4 Nd6 32. Nf2 Qc7 33. b5 Qe7 34. a4 Kg8 35.
Nd3 Bg7 36. Nf2 f5 37. Nh3 Qxh4 38. Qc2 f4 39. Ne2 Qe7 40. a5 g5 41. Ra3 g4 42.
Nf2 f3 43. Ng3 fxg2 44. Kxg2 h4 45. Nxg4 hxg3 46. Rxf7 Qxf7 47. Rxg3 Qf1+ 48.
Kh2 Qf4 49. Kg2 Nxe4 0-1